-
UDDIN, REHAN AND RAJAWAT, DR. JS & NARUKA, DR. PS
Entry Personal Name
Number of records used in: 1
001 - CONTROL NUMBER
003 - CONTROL NUMBER IDENTIFIER
005 - DATE AND TIME OF LATEST TRANSACTION
- control field:
20251124103753.0
008 - FIXED-LENGTH DATA ELEMENTS
- fixed length control field:
251124|| aca||aabn | a|a d
040 ## - CATALOGING SOURCE
- Original cataloging agency:
JRU
- Transcribing agency:
JRU
100 ## - HEADING--PERSONAL NAME
- Personal name:
UDDIN, REHAN AND RAJAWAT, DR. JS & NARUKA, DR. PS
670 ## - SOURCE DATA FOUND
- Source citation:
Work cat.: (JRU)8967: UDDIN, REHAN AND RAJAWAT, DR. JS & NARUKA, DR. PS , PHARMACEUTICAL BIOTECHNOLOGY: FOR B. PHARMA 3RD YEAR [6TH SEM], 2023